04042cam a2200361 i 450000100090000000300040000900500170001300800410003001000170007102000280008803500130011604000280012904200080015708200170016510000410018224500920022326400510031530000470036633600210041333700250043433800230045950400670048250512950054952010650184452003450290965000430325465000500329765000510334790600450339894200120344395202100345599900150366517770965OSt20260206160641.0130610s2014 nyua b 001 0 eng  a 2013016195 a9781107034730qhardback a17770965 aDLCbengcDLCerdadDLC apcc00a530.143bSCH1 aSchwartz, Matthew Dean,d1976-9367010aQuantum field theory and the standard model /cMatthew D. Schwartz, Harvard University. 1aNew York :bCambridge University Press,c2014. axviii, 850 pages :billustrations ;c26 cm atext2rdacontent aunmediated2rdamedia avolume2rdacarrier aIncludes bibliographical references (pages 834-841) and index.8 aMachine generated contents note: Part I. Field Theory: 1. Microscopic theory of radiation; 2. Lorentz invariance and second quantization; 3. Classical Field Theory; 4. Old-fashioned perturbation theory; 5. Cross sections and decay rates; 6. The S-matrix and time-ordered products; 7. Feynman rules; Part II. Quantum Electrodynamics: 8. Spin 1 and gauge invariance; 9. Scalar QED; 10. Spinors; 11. Spinor solutions and CPT; 12. Spin and statistics; 13. Quantum electrodynamics; 14. Path integrals; Part III. Renormalization: 15. The Casimir effect; 16. Vacuum polarization; 17. The anomalous magnetic moment; 18. Mass renormalization; 19. Renormalized perturbation theory; 20. Infrared divergences; 21. Renormalizability; 22. Non-renormalizable theories; 23. The renormalization group; 24. Implications of Unitarity; Part IV. The Standard Model: 25. Yang-Mills theory; 26. Quantum Yang-Mills theory; 27. Gluon scattering and the spinor-helicity formalism; 28. Spontaneous symmetry breaking; 29. Weak interactions; 30. Anomalies; 31. Precision tests of the standard model; 32. QCD and the parton model; Part V. Advanced Topics: 33. Effective actions and Schwinger proper time; 34. Background fields; 35. Heavy-quark physics; 36. Jets and effective field theory; Appendices; References; Index. a"Providing a comprehensive introduction to quantum field theory, this textbook covers the development of particle physics from its foundations to the discovery of the Higgs boson. Its combination of clear physical explanations, with direct connections to experimental data, and mathematical rigor make the subject accessible to students with a wide variety of backgrounds and interests. Assuming only an undergraduate-level understanding of quantum mechanics, the book steadily develops the Standard Model and state-of-the art calculation techniques. It includes multiple derivations of many important results, with modern methods such as effective field theory and the renormalization group playing a prominent role. Numerous worked examples and end-of-chapter problems enable students to reproduce classic results and to master quantum field theory as it is used today. Based on a course taught by the author over many years, this book is ideal for an introductory to advanced quantum field theory sequence or for independent study"--cProvided by publisher. a"Lorentz invariance and second quantization In the previous chapter, we saw that by treating each mode of electromagnetic radiation in a cavity a simple harmonic oscillator, we can derive Einstein's relation between the coefficients of induced and spontaneous emission without resorting to statistical mechanics. "--cProvided by publisher. 0aQuantum field theoryvTextbooks.93546 0aParticles (Nuclear physics)vTextbooks.93671 7aSCIENCE / Mathematical Physics.2bisacsh93672 a7bcbccorignewd1eecipf20gy-gencatlg 2ddccBK 00102ddc40738REFaIITGCLbIITGCLcREFd2026-02-06eInternational Book Agencyg8892.00l0o530.143 SCHp4610r2026-02-06 16:04:42t1v8892.00w2026-02-06yREFzIN386/25-26||02-02-2026||39.30%||GBP 71.00 c1869d1869